Statistiques concernant Tables de multiplication en 15 secondes

Cliquez ici pour prendre le quiz!

Statistiques générales

  • Ce quiz a été pris 1 544 fois
  • Le résultat moyen est 24 sur 55

Statistiques - réponses

Hint#% Correct
1x11
100%
2x12
99%
3x13
98%
4x14
98%
2x24
98%
6x16
97%
2x36
97%
7x17
97%
8x18
97%
2x48
97%
5x15
96%
9x19
96%
3x39
96%
10x110
93%
2x510
93%
2x612
85%
3x412
85%
2x714
76%
4x416
72%
2x816
72%
3x618
66%
2x918
66%
2x1020
61%
4x520
61%
3x515
41%
3x824
25%
4x624
25%
3x721
24%
3x1030
19%
5x630
19%
3x927
12%
4x1040
10%
5x840
10%
5x525
8%
5x1050
7%
4x728
6%
6x1060
6%
10x10100
4%
4x832
4%
5x735
4%
7x1070
4%
8x1080
4%
9x1090
4%
4x936
3%
6x636
3%
5x945
3%
7x856
2%
9x981
2%
6x742
1%
7x749
1%
6x954
1%
7x963
1%
8x864
1%
8x972
1%
6x848
0%

Distribution des résultats

Percentile par nombre de réponses

% des personnes avec chaque résultat

Votre développement - résultats

Vous n’avez pas pris ce quiz